El Islam / (Record no. 93317)

MARC details
000 -LEADER
campo de control de longitud fija 01313cam a2200397Ia 4500
001 - NÚMERO DE CONTROL
campo de control 46539
005 - FECHA Y HORA DE LA ÚLTIMA TRANSACCIÓN
campo de control 20230410142318.0
008 - DATOS DE LONGITUD FIJA--INFORMACIÓN GENERAL
campo de control de longitud fija 020603s2002 sp ab b 001 0 spa d
035 ## - NÚMERO DE CONTROL DEL SISTEMA
Número de control de sistema (OCoLC)ocm49943791
040 ## - FUENTE DE CATALOGACIÓN
Centro catalogador/agencia de origen PL#
Centro/agencia transcriptor PL#
Centro/agencia modificador SAP
-- BAKER
020 ## - NÚMERO INTERNACIONAL ESTÁNDAR DEL LIBRO
Número Internacional Estándar del Libro 8483233010 (pbk.)
020 ## - NÚMERO INTERNACIONAL ESTÁNDAR DEL LIBRO
Número Internacional Estándar del Libro 9788483233016 (pbk.)
035 ## - NÚMERO DE CONTROL DEL SISTEMA
Número de control de sistema (OCoLC)49943791
041 1# - CÓDIGO DE IDIOMA
Código de lengua del texto/banda sonora o título independiente spa
Código de lengua original eng
050 14 - SIGNATURA TOPOGRÁFICA DE LA BIBLIOTECA DEL CONGRESO
Número de clasificación BP 161.2
Número de ítem W141i 2002
082 00 - NÚMERO DE LA CLASIFICACIÓN DECIMAL DEWEY
Número de clasificación 297
049 ## - FONDOS LOCALES (OCLC)
Biblioteca depositaria GRAL
100 1# - ENTRADA PRINCIPAL--NOMBRE DE PERSONA
Nombre de persona Waines, David.
245 13 - MENCIÓN DEL TÍTULO
Título El Islam /
Mención de responsabilidad, etc. David Waines ; revisión de la traducción y edición española a cargo de Maribel Fierro ; traducción de Consuelo Pérez-Benítez.
250 ## - MENCION DE EDICION
Mención de edición 2a ed.
260 ## - PUBLICACIÓN, DISTRIBUCIÓN, ETC.
Lugar de publicación, distribución, etc. [Madrid] :
Nombre del editor, distribuidor, etc. Cambridge University Press,
Fecha de publicación, distribución, etc. 2002.
300 ## - DESCRIPCIÓN FÍSICA
Extensión 388 p. :
Otras características físicas ill., maps ;
Dimensiones 22 cm.
440 #0 - MENCIÓN DE SERIE/PUNTO DE ACCESO ADICIONAL--TÍTULO
Título Religiones y mitos
500 ## - NOTA GENERAL
Nota general Título original: An introduction to Islam.
504 ## - NOTA DE BIBLIOGRAFÍA, ETC.
Nota de bibliografía, etc. Includes bibliography (p. 343-354) and index.
650 #0 - PUNTO DE ACCESO ADICIONAL DE MATERIA--TÉRMINO DE MATERIA
Término de materia o nombre geográfico como elemento de entrada Islam.
650 #7 - PUNTO DE ACCESO ADICIONAL DE MATERIA--TÉRMINO DE MATERIA
Término de materia o nombre geográfico como elemento de entrada Islamismo.
Fuente del encabezamiento o término bidex
653 ## - TÉRMINO DE INDIZACIÓN--NO CONTROLADO
Término no controlado Islam
-- Historia.
700 1# - ENTRADA AGREGADA--NOMBRE PERSONAL
Nombre de persona Fierro, Maribel,
Término indicativo de función/relación ed. lit.
700 1# - ENTRADA AGREGADA--NOMBRE PERSONAL
Nombre de persona Pérez-Benítez, Consuelo,
Término indicativo de función/relación trad.
938 ## -
-- Puvill Libros
-- PUVL
-- 8483233010
-- $22.65
938 ## -
-- Baker & Taylor
-- BKTY
-- 21.00
-- 25.95
-- 8483233010
-- 0004149520
-- active
942 ## - ELEMENTOS DE ENTRADA SECUNDARIOS (KOHA)
Fuente del sistema de clasificación o colocación Clasificación de Library of Congress
Tipo de ítem Koha
994 ## -
-- C0
-- DRFGD
946 ## - PROCESAMIENTO DE INFORMACIÓN LOCAL (OCLC)
a Lspaulino
Holdings
Estatus retirado Estado de pérdida Fuente del sistema de clasificación o colocación Estado de daño No para préstamo Colección Biblioteca de origen Biblioteca actual Ubicación en estantería Fecha de adquisición Serial enumeration / chronology Signatura topográfica completa Código de barras Visto por última vez Copia número Tipo de ítem Koha
    Clasificación de Library of Congress     Humanidades Biblioteca Juan Bosch Biblioteca Juan Bosch Humanidades (4to. Piso) 10/04/2023 1 BP 161.2 W141i 2002 00000047197 17/11/2018 1